000
00393nam a2200133Ia 4500
008
100328s9999 xx 000 0 und d
082
_b
34935
100
_a
अभ्यंकर कुसुम.
245
_a
त्यागमूर्ती
260
_b
शशीदीप
630
_a
त्यागमूर्ती
730
_a
त्यागमूर्ती
942
_c
BOOK
999
_c
524958
_d
524955